| 000 | 00800cam a22002414a 4500 | ||
|---|---|---|---|
| 001 | 201808 | ||
| 005 | 20180308080121.0 | ||
| 008 | 990224s2000 inua b 001 0 eng | ||
| 010 | _a 99061434 | ||
| 020 | _a0672316706 | ||
| 040 |
_aDLC _cDLC _dDLC |
||
| 041 | _aeng | ||
| 042 | _apcc | ||
| 080 | _a005.8 ROG | ||
| 082 | 0 | 0 |
_a005.8 ROG _221 |
| 100 | _a28 | ||
| 101 | _aSHK | ||
| 245 | 0 | 0 |
_aMaximum Linux security : _cAnonymous. |
| 504 | _aIncludes bibliographical references and index. | ||
| 906 |
_a7 _bcbc _corignew _d2 _eopcn _f19 _gy-gencatlg |
||
| 942 |
_2ddc _cBK |
||
| 999 |
_c44483 _d44483 |
||